Motor Control / Translating Research into Clinical Practice: Fourth Edition (Record no. 9760)
[ view plain ]
| 000 -LEADER | |
|---|---|
| fixed length control field | 01697cam a22002174a 4500 |
| 005 - ΗΜΕΡΟΜΗΝΙΑ ΚΑΙ ΩΡΑ ΤΕΛΕΥΤΑΙΑΣ ΕΝΗΜΕΡΩΣΗΣ | |
| Πεδίο ελέγχου | 20250605164408.0 |
| 008 - FIXED-LENGTH DATA ELEMENTS--GENERAL INFORMATION | |
| Πεδίο ελέγχου σταθερού μήκους | 250528s ||||||||||||||||||||||||d |
| 035 ## - SYSTEM CONTROL NUMBER | |
| System control number | 24930 |
| 020 ## - ISBN | |
| ISBN | 9781608310180 |
| 040 ## - ΠΗΓΗ ΚΑΤΑΛΟΓΟΓΡΑΦΗΣΗΣ | |
| Φορέας πρωτότυπης καταλογογράφησης | MC Athens Campus Library |
| Γλώσσα καταλογογράφησης | Ελληνικά, Μοντέρνα (1453-) |
| Modifying agency | MC Athens Campus Library |
| Κανόνες περιγραφικής καταλογογράφησης | AACR2 |
| 245 1# - ΤΙΤΛΟΣ ΚΑΙ ΔΗΛΩΣΗ ΥΠΕΥΘΥΝΟΤΗΤΑΣ | |
| Τίτλος | Motor Control / Translating Research into Clinical Practice: Fourth Edition |
| 250 ## - EDITION STATEMENT | |
| Edition statement | 4th |
| 260 ## - PUBLICATION, DISTRIBUTION, ETC. | |
| Name of publisher, distributor, etc. | Wolter Kluwer Lippincott Wlliams & Wilkins, |
| Date of publication, distribution, etc. | 2012 |
| 300 ## - PHYSICAL DESCRIPTION | |
| Extent | 644 |
| 520 ## - SUMMARY, ETC. | |
| Summary, etc. | The text provides a conceptual framework for clinical practice and a practical framework for understanding and examining patients. Preface, Theoretical Framework, Motor Control: Issues and Theories, Motor Learning and Recovery of Function, Physiology of Motor Control, Physiological Basis of Motor Learning and Recovery of Function, Constraints on Motor Control: An Overview of Neurologic Impairments, A Conceptual Framework for Clinical Practice, Postural Control, Normal Postural Control, Development of Postural Control, Aging and Postural Control, Abnormal Postural Control, Clinical Management of the Patient with a Postural Control Disorder, Mobility Functions, Control of Normal Mobility, A Life Span Perspective of Mobility, Abnormal Mobility, Clinical Management of the Patient with a Mobility Disorder, Reach and Grasp and Manipulation, Normal Reach and Grasp and Manipulations, Reach and Grasp and Manipulation: Changes Across the Life Span, Abnormal Reach and Grasp and Manipulation, Clinical Management of the Patient with Reach and Grasp and Manipulation Disorders, References, Index. |
| 700 1# - ΠΡΟΣΘΕΤΗ ΑΝΑΓΡΑΦΗ--ΦΥΣΙΚΟ ΠΡΟΣΩΠΟ | |
| Personal name | Shumway-Cook Anne |
| 9 (RLIN) | 5814 |
| 700 1# - ΠΡΟΣΘΕΤΗ ΑΝΑΓΡΑΦΗ--ΦΥΣΙΚΟ ΠΡΟΣΩΠΟ | |
| Personal name | Woollacott Marjorie |
| 9 (RLIN) | 5815 |
| 942 ## - ADDED ENTRY ELEMENTS (KOHA) | |
| Koha item type | Books |
| Τύπος τεκμηρίου | Βιβλιοθήκη | Τρέχουσα τοποθεσία | Barcode | Αριθμός εισαγωγής | Ημερομηνία απόκτησης | Ταξιθετικό σύμβολο | Αριθμός αντιτύπου | Κατάσταση απόσυρσης | Κατάσταση χαμένου | Κατάσταση κατεστραμμένου | Μη δανεισμός | Σύνολο δανεισμών | Ημερομηνία τελευταίας εμφάνισης | Η τιμή ισχύει από |
|---|---|---|---|---|---|---|---|---|---|---|---|---|---|---|
| Books | MC Athens Campus Library | MC Athens Campus Library | 9780000097590 | 7968 | 05/06/2025 | 612/.04 SHU | 1 | 05/06/2025 | 05/06/2025 |